| 000 | 00642nam a2200217Ia 4500 | ||
|---|---|---|---|
| 003 | OSt | ||
| 005 | 20251014185923.0 | ||
| 008 | 210423s2017 xx 000 0 und d | ||
| 020 | _a978-93-86516-17-6 | ||
| 040 | _cAL | ||
| 041 | _aEnglish | ||
| 082 |
_a361.30723 _bLOBF |
||
| 100 |
_aJoselyn T Lobo _9119228 |
||
| 245 |
_aFieldwork in social work education _b: a manual for educators and students |
||
| 260 |
_aBangalore _bA T C Publishers _c2017 |
||
| 300 |
_ax,100 _bPB |
||
| 365 |
_b150 _cINR |
||
| 650 |
_aSocial Work _9119229 |
||
| 906 | _aeducation: ; educators ; Fieldwork ; manual ; social ; students ; work | ||
| 942 |
_2ddc _cBK |
||
| 999 |
_c176541 _d176541 |
||